Lexique portugais: fruits et légumes - Statistiques

Statistiques générales
  • Ce quiz a été pris 324 fois
  • Le résultat moyen est 15 sur 20
Statistiques - réponses
Mot portugais Traduction française % Correct
Framboesa Framboise
99%
Ananas Ananas
98%
Laranja Orange
98%
Limão Citron
97%
Tomate Tomate
97%
Melão Melon
95%
Figo Figue
90%
Maçã Pomme
89%
Pera Poire
85%
Morango Fraise
76%
Uvas Raisin
76%
Pêssego Pèche
75%
Feijão Haricot
72%
Cenoura Carotte
71%
Cereja Cerise
62%
Castanha Châtaigne
52%
Noz Noix
52%
Milho Maïs
49%
Ameixa Prune
27%
Alho francês Poireau
25%
Aucun quiz correspondant
Distribution des résultats
% des personnes avec chaque résultat
Percentile par nombre de réponses
Votre historique - résultats
Vous n’avez pas pris ce quiz